| 000 | 00864nam0a22002411 4500 | ||
|---|---|---|---|
| 001 | rc\2562741 | ||
| 005 | 20230412170812.0 | ||
| 035 | _a(NLR Aleph) 006727657 | ||
| 090 |
_a5510361 _c5510361 |
||
| 100 | _a20110914d1927 |||y0rusy50 ca | ||
| 101 | 0 | _arus | |
| 102 | _aRU | ||
| 105 | _aa z ||||| | ||
| 200 | 1 |
_aКак построить карточку _e(Применение принципов НОТ при построении карточек бухгалтерского учета) |
|
| 210 |
_aМосква _cавтор _d1927 _gтип. ОГПУ им. т. Воровского |
||
| 215 |
_a40, [4] с., [5] вклад. л. табл. _d26х17 см. |
||
| 700 | 1 |
_aМнюх _bВ. К. _gВладимир Кириллович |
|
| 801 | 0 |
_aRU _bNLR _gpsbo |
|
| 801 | 1 |
_aRU _bELAR _2rusmarc |
|
| 852 |
_aNLR _j80/40 |
||
| 942 | _cBOOK | ||
| 980 | _aNB | ||